ბათუმის შოთა რუსთაველის სახელმწიფო უნივერსიტეტის ბიბლიოთეკა

ნაწერების სრული კრებული : 9 ტომად.ტ. 5. ერი და ისტორია. (ბიბ.ჩანაწერი № 48873)

000 -LEADER
fixed length control field 01061nam a2200217Ia 4500
001 - CONTROL NUMBER
control field 15775
003 - CONTROL NUMBER IDENTIFIER
control field GE_BSU
008 - FIXED-LENGTH DATA ELEMENTS--GENERAL INFORMATION
fixed length control field 181216s||||||||xx |||||||||||||| ||und||
040 ## - CATALOGING SOURCE
Transcribing agency GE_BSU
080 ## - UNIVERSAL DECIMAL CLASSIFICATION NUMBER
Universal Decimal Classification number 821.353.1+ 94(479.22)
100 ## - MAIN ENTRY--PERSONAL NAME
Personal name ჭავჭავაძე, ი. (ილია, 1837-1907)
245 ## - TITLE STATEMENT
Title ნაწერების სრული კრებული : 9 ტომად.ტ. 5. ერი და ისტორია.
245 ## - TITLE STATEMENT
Remainder of title ერი და ისტორია..ქართული წიგნი, 1927
245 ## - TITLE STATEMENT
Statement of responsibility, etc. შედარებული პირველ წყაროებთან და შევს. ახალი ტექსტებით პავლე ინგოროყვას და ალ. აბაშელის რედაქციით
260 ## - PUBLICATION, DISTRIBUTION, ETC.
Place of publication, distribution, etc. ტფილისი
260 ## - PUBLICATION, DISTRIBUTION, ETC.
Date of publication, distribution, etc. 1927
300 ## - PHYSICAL DESCRIPTION
Extent 290 გვ.19 სმ
653 ## - INDEX TERM--UNCONTROLLED
Uncontrolled term ერი და ისტორია
653 ## - INDEX TERM--UNCONTROLLED
Uncontrolled term ნაწერების სრული კრებული
942 ## - ADDED ENTRY ELEMENTS (KOHA)
Koha item type წიგნი
ეგზემპლარები
Withdrawn status Lost status Damaged status Not for loan Date acquired Barcode Date last seen Price effective from Koha item type
        2018-12-17 39122 2018-12-17 2018-12-17 წიგნი